000 00949nam a2200301Ia 4500
003 OSt
005 20221006153752.0
006 a|||||r|||| 00| 0
007 ta
008 221006b |||||||| |||| 00| 0 eng d
020 _a9780415390422
024 _a33,294
037 _cAnnuals, Advances
040 _aEASL
_cEASL
_beng
041 _2eng
_aeng
082 _aQ4:6815.42950j4498, P7
100 _aCHENG Wei-Yi
_9665373
245 0 _aBuddhist Nuns in Taiwan and Sri Lanka
_b A critique of the feminist perspective
260 _aLondon
_bRoutledge
_c2007
300 _ax,226p.
_ccm.
490 _v Gen
_aRoutledge Critical Studies in Buddhism
650 _a Buddhist nuns -Sri Lanka
_9665374
650 _a Gen
650 _a Women in Buddism -Taiwan
_9665375
650 _aBuddhist nuns -Taiwan
_9665376
942 _hQ4:6815.42950j4498, P7
_cREF
_2CC
999 _c1101380
_d1101380